书目信息 |
| 题名: |
情调
|
|
| 作者: | 默里 著 ;黄丽莉 译 | |
| 分册: | ||
| 出版信息: | 西安 陕西师范大学出版社 2007.09 |
|
| 页数: | 131页 | |
| 开本: | 19cm | |
| 丛书名: | ||
| 单 册: | ||
| 中图分类: | TS941.717 | |
| 科图分类: | ||
| 主题词: | 女服--nu fu--内衣--历史--世界 | |
| 电子资源: | ||
| ISBN: | 978-7-5613-3780-6 | |
| 000 | 01136nam0 2200277 450 | |
| 001 | 012009032808 | |
| 005 | 20090424150446.95 | |
| 010 | @a978-7-5613-3780-6@dCNY25.00 | |
| 100 | @a20090424d2007 em y0chiy0120 ea | |
| 101 | 1 | @achi@ceng |
| 102 | @aCN@b610000 | |
| 105 | @aa z 000yy | |
| 106 | @ar | |
| 200 | 1 | @a情调@Aqing diao@d= What lies beneath@e女人最富魅惑的秘密@f(英) 海伦·默里著@F(ying)hai lun·mo li zhu@g黄丽莉译@Ghuang li li yi@zeng |
| 210 | @a西安@c陕西师范大学出版社@d2007.09 | |
| 215 | @a131页@c图@d19cm | |
| 312 | @a英文并列副题名取自封面 | |
| 330 | @a本书回顾二十世纪的内衣时尚,从而探讨社会及文化对女性第一层衣服的影响。此书并不是简单地讲述内衣历史,相反,而是从形体、时尚、政治及文化这几个与内衣的发展有着与生俱来的关系的角度来讨论内衣。 | |
| 500 | 10 | @aWhat lies beneath : women and their underwear@mChinese |
| 517 | 1 | @a女人最富魅惑的秘密@Anu ren zui fu mei huo de mi mi |
| 606 | 0 | @a女服@Anu fu@x内衣@x历史@y世界 |
| 690 | @aTS941.717@v4 | |
| 701 | 1 | @a默里@Amo li@g(Murray, Helen)@4著 |
| 702 | 0 | @a黄丽莉@Ahuang li li@4译 |
| 801 | 0 | @aCN@bQSSK@c20090424 |
| 905 | @b737613-15@dTS941.717@eM907@f3 | |
| 情调= What lies beneath:女人最富魅惑的秘密/(英) 海伦·默里著/黄丽莉译.-西安:陕西师范大学出版社,2007.09 |
| 131页:图;19cm |
| ISBN 978-7-5613-3780-6:CNY25.00 |
| 本书回顾二十世纪的内衣时尚,从而探讨社会及文化对女性第一层衣服的影响。此书并不是简单地讲述内衣历史,相反,而是从形体、时尚、政治及文化这几个与内衣的发展有着与生俱来的关系的角度来讨论内衣。 |
| ● |
| 相关链接 |
|
|
|
正题名:情调
索取号:TS941.717/M907
 
预约/预借
| 序号 | 登录号 | 条形码 | 馆藏地/架位号 | 状态 | 备注 |
| 1 | 737613 | 207376132 | 自科库501/501自科库 74排2列3层/ [索取号:TS941.717/M907] | 在馆 | |
| 2 | 737614 | 207376141 | 自科二线504/501自科库 74排2列3层/ [索取号:TS941.717/M907] | 在馆 | |
| 3 | 737615 | 207376150 | 自科库501/501自科库 74排2列3层/ [索取号:TS941.717/M907] | 在馆 |